000 00607nam a2200217 i 4500
001 21194
003 ES-MaACL
007 t|
008 021122s1982 sp ||||1| spa d
100 1 _aAlbandoz, Roberto.
_919224
245 1 0 _aDe buenas a primeras /
_cRoberto Albandoz.
260 _aAlgeciras :
_bBahía,
_c[1982]
300 _a65 p. ;
_c21 cm.
490 1 _aBahía ;
_v15
500 _aPremio Bahía 1982.
830 0 _aColección "Bahía" ;
_v15
_9181016
852 _aES-MaACL
_jL-3475
_bR.104357
852 _aES-MaACL
_jL-3719
_bR.104544
942 _2udc
999 _c21194
_d21194